The Furniture Industry in Russia : July 2009.
| Corporate Author: | |
|---|---|
| Format: | Book |
| Published: |
Milan:
Centre for Industrial studies[CSIL],
2009.
|
| Series: | CSIL : July 2009
|
| Subjects: |
| LEADER | 00503cam a2200157 7i4500 | ||
|---|---|---|---|
| 001 | 0000024178 | ||
| 005 | 20100211090000.0 | ||
| 090 | 0 | 0 | |a P 684.1 |b CEN |
| 110 | 2 | 0 | |a Centre for Industrial Studies[CSIL] |
| 245 | 2 | 4 | |a The Furniture Industry in Russia : |b July 2009. |
| 260 | 0 | 0 | |a Milan: |b Centre for Industrial studies[CSIL], |c 2009. |
| 300 | # | # | |a 84 p. |
| 440 | 0 | 0 | |a CSIL : July 2009 |
| 650 | 0 | 0 | |a Furniture industry and trade -- |z Russia |
| 651 | 0 | 0 | |a Russia |
| 999 | |a B000026127 |b Book |c Products |e Business Information Centre | ||